| 000 | 00975nam a22003137a 4500 | ||
|---|---|---|---|
| 001 | 000022865 | ||
| 003 | CHAP | ||
| 005 | 20220329134533.0 | ||
| 008 | 971013s1961 r 00010 d | ||
| 010 | _a21820 | ||
| 011 | _a22792 | ||
| 035 | _a26887 | ||
| 040 | _cCHAP | ||
| 090 | _aFolleto 3181 | ||
| 110 | 2 |
_aAsociación Mexicana de Profesionistas Forestales, A. C. _98069 |
|
| 245 | 1 | 0 | _aDeclaración de principios y estatutos. |
| 260 |
_aMéxico, D.F. : _bAsociación Mexicana de Profesionistas Forestales, A.C., _c(1961). |
||
| 300 | _a31 p. | ||
| 590 |
_aBATCH-UPD _b10 _c20130110 _lUCH01 _h2207 |
||
| 590 |
_aBATCH-UPD _b10 _c20130410 _lUCH01 _h1511 |
||
| 590 |
_aBATCH-UPD _b10 _c20130914 _lUCH01 _h0709 |
||
| 590 |
_aCONVERSION _b10 _c20130109 _lUCH01 _h1313 |
||
| 590 |
_aE5995AHE _b05 _c20150428 _lUCH01 _h1300 |
||
| 650 | 1 | 4 |
_aBosques _xSociedades _xMéxico. _914390 |
| 901 | _aBK | ||
| 942 | _cFOLL | ||
| 942 | _n0 | ||
| 949 |
_bBC _cFOLL _d-62060 _eTS1 _i26887 _mD _si |
||
| 999 |
_c21820 _d21820 |
||